| 000 | 00707nam a2200229 a 4500 | ||
|---|---|---|---|
| 005 | 20240228064137.0 | ||
| 008 | 140619s2005 mx r 000 0 spa d | ||
| 020 | _a8424116399 | ||
| 035 | _aUPN01000198123 | ||
| 049 | _aI | ||
| 050 | 4 |
_aPZ7 _bL3.6 |
|
| 100 | 1 |
_aLaw, Felicia _932119 |
|
| 245 | 1 | 1 |
_a¡Qué hambre! / _cFelicia Law ; tr. Sandra López Varela. |
| 260 |
_aLeón, Esp. : _bEverest, _c2005. |
||
| 300 |
_a31 p. : _bprincipalmente il. col. |
||
| 440 | 0 | _aMontaña encantada | |
| 534 |
_pTítulo original : _tBamboo, velvet and beak : the lunch |
||
| 650 | 4 |
_aCuentos infantiles ingleses _910002 |
|
| 650 | 4 |
_aLibros y lectura para niños _92290 |
|
| 905 | _aInfantil | ||
| 999 |
_c170224 _d170224 |
||